000 00377 a2200133 4500
000 nam a22 7a 4500
100 _aSingh, Dhanjay Kumar
110 _aSingh, Dhanjay Kumar
245 _aSanskrit Sahitya Ke Pramukh Rachnakar Evam Unki Kritiyan
250 _aLatest edition
260 _bParadise Publishers
_c2026
264 _bParadise Publishers
_c2026
942 _cBK
999 _c395843
_d395843